000 01253nam a2200313 a 4500
001 000014809
003 DO-SdBNP
005 20250409153020.0
008 100122s2008 dr 000 0 spa d
020 _a9789945020496
040 _aDO-SdBNP
_bspa
_cBNPHU
082 _a305.567
_bL697b
245 0 0 _aLibro de bautismos de esclavos :
_b1636 - 1670 /
_cintroducción y transcripción José Luis Sáez.
260 _aSanto Domingo :
_bArchivo General de la Nación,
_c2008.
300 _a229p. ; :
_b23 cm.
490 1 _aArchivo General de la Nación ;
_v63
500 _aIncluye datos biográficos de José Luis Sáez
500 _aIncluye referencias bibliográficas y notas al pie de las páginas
590 _aInventariado, 2018/BT
650 4 _aEsclavitud en república dominicana
_xCondición de los esclavos
_933556
650 4 _aEsclavitud e iglesia
_933557
650 4 _aNacimiento (en religión, folclor, etc.)
_933558
650 4 _aEsclavos
_xRitos y ceremonias
_933559
651 0 _aRepública Dominicana --
_xHistoria --
_yColonia, 1503-1844
_911397
700 1 _a Sáez , José Luis
_d1937-
_eintrod.
_9620
830 0 _aArchivo General de la Nación ;
_n63
_933560
910 _aValidado. Control de calidad. EMS
942 _2ddc
_cLBS1
999 _c14390
_d14390